Justifying the Means: Movies Quiz Stats

Quiz Updated May 25, 2012

Challenge
Share
Tweet
Embed
Score 0/20 Timer 07:00
2 Plays Today
Bad Act(s) Hero % Correct
Lying about identity, stripping in phone booth, flying without a licenseSuperman
85.2%
Running away, stealing apples, melting witchDorothy Gale
84.3%
Kidnapping Elizabeth, breaking pirate code, retaking the Black PearlCapt. Jack Sparrow
82.2%
Fighting with a friar, stealing tax money, treason against Prince JohnRobin Hood
81.5%
Posing as prince, Setting plagues on Egypt, breaking laws of fluid dynamicsMoses
79.6%
Murdering orcs, enslaving waif-like creature, destroying priceless ringFrodo Baggins
75.5%
Stealing idols, lowering woman into lava pit, whipping thingsIndiana Jones
72%
Interstellar smuggling, shield generator destruction, shooting firstHan Solo
67.5%
Flirting with Governor's wife, fencing murder of Captain Pasquale, marring everything with 'Z'sZorro
64.5%
Lying to Göth, cheating on wife, making faulty armamentsOskar Schindler
63.5%
Bad Act(s) Hero % Correct
Killing local magistrate, inciting rebellion against English, impregnating Princess IsabelleWilliam Wallace
55%
Stealing detonators, blowing up terrorists, making Al Powell use his gunDet. John McClane
37.6%
Escaping from prison bus, stealing hospital ID, breaking into home of one-armed manDr. Richard Kimble
36.7%
Laundering prison money, theft of said money, escape from Shawshank State Pen.Andy Dufresne
29%
Running out on Christmas Eve, getting drunk, attempting suicideGeorge Bailey
28.4%
Besmirching a lady's honor, escaping from Cardinal's guards, murder of Comte de RochefortD'Artagnan
27.7%
Gun running, card cheating, holding illicit letters of transitRick Blaine
22.3%
Infiltrating CIA headquarters, stealing NOC list, impersonating Jim PhelpsEthan Hunt
20.6%
Stabbing Scorpio, breaking into his home, querying about luckDirty Harry
12.4%
Throwing gangster through window, lying to Lt. Androzzi, being able to Dig ItShaft
10.8%

You're not logged in!

Compare scores with friends on all Sporcle quizzes.
Sign Up with Email
OR
Log In

You Might Also Like...

Show Comments

Extras

Top Quizzes Today


Score Distribution

Your Account Isn't Verified!

In order to create a playlist on Sporcle, you need to verify the email address you used during registration. Go to your Sporcle Settings to finish the process.